Ley de Tierras y Colonización, N° 2825 de 14 de octubre de 1961

Gorde:
Xehetasun bibliografikoak
Erakunde egilea: Costa Rica. Asamblea Legislativa
Formatua: Texto
Argitaratua: San José: ITCO
Etiketak: Etiketa erantsi
Etiketarik gabe, Izan zaitez lehena erregistro honi etiketa jartzen!

MARC

LEADER 00000 a a2200000 04500
001 15689
003
040
090 |a 013700  
110 |a Costa Rica. Asamblea Legislativa  
245 |a Ley de Tierras y Colonización, N° 2825 de 14 de octubre de 1961  
260 |a San José:   |b ITCO  
300 |a 43 p.  
500 |a Rev. y actual. por Eduardo Ching Murillo y Jorge Arturo Vallejo Alfaro  
999 |c 12514  |d 12514